00850nam a2200205 i 450000100060000000300090000600500170001500700030003200800410003502000180007624502190009426000310031330000220034450000210036670000390038770000480042685200320047499900170050695201210052346441ES-MaACL20230906161402.0t|030328s1986 sp ||||1| spa d a84-309-1230-400aComentarios a las reformas de nacionalidad y tutela b: Ley 21/1982, de 13 de julio de 1982 y Ley 13/1983, de 24 de octubre de 1983 / cManuel Amorós Guardiola, Rodrigo Bercovitz Rodríguez-Cano (coordinadores). aMadrid : bTecnos, c1986. a871 p. ; c25 cm. aAp. Legislativo.1 aAmorós Guardiola, Manuel.9213201 aBercovitz Rodríguez-Cano, Rodrigo.927857 aES-MaACLjL-9215 bR.111289 c46441d46441 00104070aATENEOMbATENEOMcDEPO2d2008-01-17eSCl0oL-9215p1048842r2023-02-23 00:00:00w2023-02-23yMONOGRAFIA